[Event "Joao Pessoa Fischer Memorial 9th"]
[Site "Joao Pessoa"]
[Date "2018.03.17"]
[Round "3"]
[White "Born, Ary"]
[Black "De Andrade Sobrinho, Carlos Henrique"]
[Result "1-0"]
[WhiteElo "1387"]
[BlackElo "1631"]
[PlyCount "49"]
[EventDate "2018.03.16"]
[EventType "swiss"]
[EventRounds "6"]
[EventCountry "BRA"]
[SourceTitle "CBM 183 Extra"]
[Source "ChessBase"]
[SourceDate "2018.04.19"]
[SourceVersion "1"]
[SourceVersionDate "2018.04.19"]
[SourceQuality "1"]

1. e4 c5 2. Nf3 e6 3. c3 Qc7 4. Bc4 a6 5. d4 cxd4 6. Qxd4 Nc6 7. Qd3 b5 8. Bb3 Bd6 9. Bg5 Ne5 10. Nxe5 Bxe5 11. Qf3 f6 12. Bh4 Bb7 13. Nd2 f5 14. Bc2 d5 15. exf5 d4 16. Be4 dxc3 17. Bxb7 cxb2 18. Bc6+ Kf7 19. fxe6+ Kxe6 20. Qd5+ Kf5 21. g4+ Kg6 22. Qe4+ Kf7 23. Rb1 Ne7 24. Qf3+ Ke6 25. Bxa8 1-0

[Event "Joao Pessoa Fischer Memorial 9th"]
[Site "Joao Pessoa"]
[Date "2018.03.17"]
[Round "4"]
[White "De Andrade Sobrinho, Carlos Henrique"]
[Black "Teixeira, Alexandre Cesar Fer"]
[Result "0-1"]
[WhiteElo "1631"]
[BlackElo "1528"]
[PlyCount "52"]
[EventDate "2018.03.16"]
[EventType "swiss"]
[EventRounds "6"]
[EventCountry "BRA"]
[SourceTitle "CBM 183 Extra"]
[Source "ChessBase"]
[SourceDate "2018.04.19"]
[SourceVersion "1"]
[SourceVersionDate "2018.04.19"]
[SourceQuality "1"]

1. d4 c6 2. e4 d5 3. f3 dxe4 4. fxe4 Nf6 5. Nc3 Bg4 6. Nf3 e6 7. Be3 Bb4 8. Bd2 Bxc3 9. Bxc3 Nxe4 10. Bd3 Nxc3 11. bxc3 Nd7 12. Qd2 Qa5 13. 0-0 0-0-0 14. c4 Qxd2 15. Nxd2 Nf6 16. c3 e5 17. Nf3 Bxf3 18. Rxf3 exd4 19. Bf5+ Kb8 20. Rd1 dxc3 21. Bc2 Rxd1+ 22. Bxd1 Rd8 23. Bc2 Rd2 24. Rxc3 Kc7 25. Bb1 Rd1+ 26. Kf2 Ne4+ 0-1